UBT Library

ESSENTIALS OF ACCOUNTING (Record no. 59396)

000 -LEADER
fixed length control field 00341nam a22001457a 4500
008 - FIXED-LENGTH DATA ELEMENTS--GENERAL INFORMATION
fixed length control field 230320b ||||| |||| 00| 0 eng d
020 ## - INTERNATIONAL STANDARD BOOK NUMBER
International Standard Book Number 9780759395923
041 ## - LANGUAGE CODE
Language code of text/sound track or separate title eng
080 ## - UNIVERSAL DECIMAL CLASSIFICATION NUMBER
Edition identifier TENTH EDITION
Universal Decimal Classification number 51
082 ## - DEWEY DECIMAL CLASSIFICATION NUMBER
Classification number 51LAW
100 ## - Rafti
Rafti 22
101 ## - Shkurtesa
Shkurtesa KONTABILITET
245 ## - TITLE STATEMENT
Title ESSENTIALS OF ACCOUNTING
Statement of responsibility, etc LAWRENCE.D.M
942 ## - ADDED ENTRY ELEMENTS (KOHA)
Source of classification or shelving scheme
Item type Books
Holdings
Withdrawn status Lost status Source of classification or shelving scheme Damaged status Not for loan Collection code Permanent location Current location Date acquired Total Checkouts Full call number Barcode Date last seen Price effective from Koha item type
          Koleksioni i përgjithshem UBT - Lipjan UBT - Lipjan 03/20/2023   51LAW 002-80002690 03/20/2023 03/20/2023 Books
UBT Library © 2015-2024. All rights reserved University Education for Business and Technology